Sports Quiz

Random Sports or Football Quiz
Score 0/9 Timer 05:00
0 Plays Today
School Stadium % Correct
Idaho StateHolt Arena
75%
Portland StatePGE Park
43.8%
MontanaWashington-Grizzly Stadium
37.5%
Montana StateBobcat Stadium
31.3%
Northern ArizonaWalkup Skydome
18.8%
Eastern WashingtonWoodward Stadium
6.3%
Northern ColoradoNottingham Field
6.3%
Sacramento StateHornet Stadium
6.3%
Weber StateStewart Stadium
6.3%

You're not logged in!

Compare scores with friends on all Sporcle quizzes.
OR
Log In

Sporcle TV

Today on Sporcle TV


Watch our educational content, quiz creation guides, and fun videos on Sporcle TV.

Show Comments

Extras

Created Oct 1, 2009ReportNominate
Tags:Football Quiz, school, sky, Stadiums

Top Quizzes Today


Score Distribution

Paid Content

Your Account Isn't Verified!

In order to create a playlist on Sporcle, you need to verify the email address you used during registration. Go to your Sporcle Settings to finish the process.

Report this User

Report this user for behavior that violates our Community Guidelines.

Details: